000 00923nam a2200277 i 4500
003 EG-GICUC
005 20260330200207.0
008 260330b1915 uk ||||fr|||| 000 0 eng d
040 _aEG-GiCUC
_beng
_cEG-GiCUC
_dEG-GiCUC
_erda
082 0 4 _221
_a341.60493
_bTH . M
092 0 4 _221
099 _aLaw1 11 341.60493 TH . M 1915
111 _aThe Commander-in-chief of the Belgian Army
245 1 0 _aMilitary Operations of Belgium :
_bIn Defence of the Country, and to Uphold Her Neutrality /
264 1 _aLondon :
_bW. H. & L. Collingridge,
_c1915.
300 _a87 pages :
_billustrations,
_c24 cm
336 _2rda content
_atext
337 _2rda media
_aComputer
338 _2rda carrier
_aOnline Resource
546 _aText in English
650 1 4 _aPublic international law
_2
651 1 _2
856 4 0 _uhttps://fll.law.cu.edu.eg/fulltext/bks/B11-08531.pdf
905 _a50
942 _2ddc
_cBK
_e21
_n0
999 _c67593
_d67593